000
00310nam a22001457a 4500
008
221111b ||||| |||| 00| 0 eng d
020
_a
0262690845
041
_a
eng
080
_a
573
082
_a
573 SOB
100
_a
16.1
101
_a
BIO
245
_a
EVOLUTIONARY BIOLOGY
_c
SOBER E
942
_2
udc
_c
BK
999
_c
58866
_d
58866